Southville International School and Colleges
Your cart is empty.
  • Cart
  • Lists
    Public lists Eva Luna New books Lux_list list_1
    Your lists Log in to create your own lists
  • Log in to your account
  • Your cookies
  • Search history
Southville International School and Colleges
  • Advanced search
  • Recent comments
  • Most popular
  • Libraries

Log in to your account

Log in with GOOGLE


If you do not have an external account, but do have a local account, you can still log in:

  1. Home
  2. MARC view: The first cashew nut /
Normal view MARC view ISBD view

The first cashew nut / (Record no. 1691)

[ view plain ]
MARC details
000 -LEADER
fixed length control field 00518nam a22001937a 4500
003 - CONTROL NUMBER IDENTIFIER
control field OSt
005 - DATE AND TIME OF LATEST TRANSACTION
control field 20140310181714.0
008 - FIXED-LENGTH DATA ELEMENTS--GENERAL INFORMATION
fixed length control field 121213t xxu||||| |||| 00| 0 eng d
020 ## - INTERNATIONAL STANDARD BOOK NUMBER
International Standard Book Number 9711341077
050 ## - LIBRARY OF CONGRESS CALL NUMBER
Classification number GR 325
Item number .C551 1990
082 ## - DEWEY DECIMAL CLASSIFICATION NUMBER
Classification number FIL 398.242
Item number C456 1990
100 ## - MAIN ENTRY--PERSONAL NAME
Personal name Chorengel, Marla Yatoko.
245 ## - TITLE STATEMENT
Title The first cashew nut /
Statement of responsibility, etc Chorengel, Marla Yotoko.
260 ## - PUBLICATION, DISTRIBUTION, ETC. (IMPRINT)
Place of publication, distribution, etc Manila :
Name of publisher, distributor, etc Bookmark,
Date of publication, distribution, etc 1990.
300 ## - PHYSICAL DESCRIPTION
Extent 22 p. :
Other physical details col. ill. ;
Dimensions 19 cm.
562 ## - COPY AND VERSION IDENTIFICATION NOTE
Number of copies 1
942 ## - ADDED ENTRY ELEMENTS (KOHA)
Source of classification or shelving scheme Library of Congress Classification
Koha item type Books
Call number prefix Filipininana
Holdings
Withdrawn status Lost status Source of classification or shelving scheme Damaged status Home library Current library Shelving location Date acquired Total Checkouts Full call number Barcode Date last seen Copy number Price effective from Koha item type
    Library of Congress Classification   Luxembourg Library Luxembourg Library Filipiniana Section 12/13/2012   GR 325 .C551 1990 0479 08/13/2013 1 10/03/2013 Books

The first cashew nut /

APA

Chorengel M. Y., . (1990). The first cashew nut. Manila: Bookmark.

Chicago

Chorengel Marla Yatoko, . 1990. The first cashew nut. Manila: Bookmark.

Harvard

Chorengel M. Y., . (1990). The first cashew nut. Manila: Bookmark.

MLA

Chorengel Marla Yatoko, . The first cashew nut. Manila: Bookmark. 1990.

  • Place hold
  • Print
  • Cite
  • Add to your cart (remove)
  • Save record
    BIBTEX Dublin Core MARCXML MARC (non-Unicode/MARC-8) MARC (Unicode/UTF-8) MARC (Unicode/UTF-8, Standard) MODS (XML) RIS
  • More searches
    Search for this title in:
    Other Libraries (WorldCat) Other Databases (Google Scholar) Online Stores (Bookfinder.com) Open Library (openlibrary.org)

Exporting to Dublin Core...

SOUTHVILLE LIBRARY

Southville International School and Colleges Library

1281 Tropical Ave. Cor. Luxembourg St., BF Homes International, Las Pinas City

Tel. No. 8256374 / 252358 Loc. 117/146

Powered by Koha